| 000 | 00861mam a2200205 a 4500 | ||
|---|---|---|---|
| 020 | _a8120602382 | ||
| 082 |
_a294.5 _bDUB _cD |
||
| 100 | 1 |
_aDubois, J. A. _949532 |
|
| 245 | 1 | 0 |
_aHindu manners, customs and ceremonies / _cJ.A. Dubois ; translated from the author's later French ms. and edited with notes, corrections, and biography by Henry K. Beauchamp ; with a prepatory [sic] note by F. Max Muller and a portrait. |
| 250 | _a6th AES reprint | ||
| 260 |
_aNew Delhi : _bAsian Educational Services, _c1990. |
||
| 300 |
_axxxiv, 741 p., [1] leaf of plates : _bport. ; _c19 cm. |
||
| 500 | _aAdded t.p. | ||
| 500 | _aTranslation of: Mœurs, institutions et cérémonies des peuples de l'Inde. | ||
| 526 |
_a0 _b0 _c0 _d294_500000000000000_DUB |
||
| 650 | 0 |
_aHinduism. _949533 |
|
| 650 | 0 |
_aMCE _9379 |
|
| 700 | 1 |
_aBeauchamp, Henry K. _949534 |
|
| 942 |
_2ddc _cBK |
||
| 999 |
_c552310 _d552310 |
||